LEADER 01229nam a2200289 u 4500 001 000000077392 003 CaOOAMICUS 005 20070226123321.0 008 040202s2003 enkab u000 u eng u 020 $a1844720004 035 $a10982993 040 $aPUL$bita 245 00$aAncient Egypt in Africa /$cedited by David O'Connor and Andrew Reid. 260 $aLondon :$bUCL Press institute of archaeology,$cc2003. 300 $axiii, 219 p. :$bill., c. geogr. ;$c23 cm 490 1 $aEncounters with Ancient Egypt 504 $aContiene bibliografia e indice. 651 4$aEgitto$xAntichità.$0(OLS)http://pul/subject/25299 700 1 $aReid, Andrew.$0(OLS)http://pul/name/51451 700 1 $aO'Connor, David.$0(OLS)http://pul/name/51436 830 0$aEncounters with Ancient Egypt.$0(OLS)http://pul/title/101450 850 $aPUL 852 $aPUL$W1$xSL Religione 1$y3$m10(3) A 7.1$j99427$nBK-PRI$b $qStampati$B99427$CPULBib$Z2$F99427 $HPUL94010 $81 941 1 $a8 996 $6020$a1844720004$9(OLS)http://pul/number/101429 996 $6245$aAncient Egypt in Africa$9(OLS)http://pul/title/101480 996 $6260$aLondon :$bUCL Press institute of archaeology$9(OLS)http://pul/publisher/75083 LEADER 01488nam a2200325 a 4500 001 000000157264 003 CaOOAMICUS 005 20161207140724.0 008 161207s1994 it u000 u ita r 020 $a88-215-2796-4* 032 $aLibriCat 040 $aPUL$bita 082 14$a270.072 245 00$aMetodologia teologica :$bavviamento allo studio e alla ricerca pluridisciplinari /$cGiuseppe Lorizio, Nunzio Galantino (edd.) 250 $aTerza edizione, completamente rivista e aggiornata 2004. 260 $aCinisello Balsamo :$bSan Paolo,$c©1994. 300 $a487 p. ; $c22 cm. 490 1 $aUniverso teologia ;$v28 650 4$aTeologia$xMetodologia.$0(OLS)http://pul/subject/15735 700 1 $aLorizio, Giuseppe,$csacerdote,$d1952-$0(OLS)http://pul/name/27 700 1 $aGalantino, Nunzio,$cvesc. di Cassano allo Jonio,$d1948-$0(OLS)http://pul/name/699 830 0$aUniverso teologia ;$v28.$0(OLS)http://pul/title/37119 850 $aPUL 852 $aPUL$W1$xSL Religione 3$y85$m230. 072 LORGI 1$j180558$qDDC 21$B183678$CPULBib$Z2$F183678 $H128536 $81 941 1 $a9 996 $6020$a88-215-2796-4*$9(OLS)http://pul/number/161668 996 $6082$a270.072$9(OLS)http://pul/classification/3009 996 $6245$aMetodologia teologica :$bavviamento allo studio e alla ricerca pluridisciplinari$9(OLS)http://pul/title/37118 996 $6260$aCinisello Balsamo :$bSan Paolo$9(OLS)http://pul/publisher/54577